[Event "4NCL Division 4 South"]
[Site "Daventry, ENG"]
[Date "2019.05.04"]
[Round "9.41"]
[White "Nelson, Omowale"]
[Black "Smith, Olivia"]
[Result "0-1"]
[WhiteElo "2012"]
[BlackElo "2110"]
[PlyCount "56"]
[EventDate "2019.05.04"]
[WhiteTeam "Watford 1"]
[BlackTeam "Fischer's Catch"]

1. d4 Nf6 2. c4 g6 3. Nc3 Bg7 4. e4 d6 5. Nf3 O-O 6. h3 c5 7. d5 Nbd7 8. Bd3 a6
9. O-O Rb8 10. a4 Ne8 11. Bf4 Ne5 12. Nxe5 dxe5 13. Be3 b6 14. f4 Nd6 15. f5
gxf5 16. exf5 e4 17. Qg4 Nxf5 18. Rxf5 Bxf5 19. Qxf5 exd3 20. Ne4 e6 21. Qh5
exd5 22. cxd5 Qe7 23. Qf5 Qe5 24. Qxe5 Bxe5 25. a5 Bxb2 26. Ra2 Rbe8 27. Rxb2
Rxe4 28. Bh6 b5 0-1

[Event "4NCL Division 4 South"]
[Site "Daventry, ENG"]
[Date "2019.05.04"]
[Round "9.42"]
[White "Rathbone-Jones, Ifan"]
[Black "Karamazondo, Ernest"]
[Result "1-0"]
[WhiteElo "1952"]
[BlackElo "1937"]
[PlyCount "55"]
[EventDate "2019.05.04"]
[WhiteTeam "Fischer's Catch"]
[BlackTeam "Watford 1"]

1. d4 Nf6 2. c4 e5 3. dxe5 Ng4 4. Bf4 g5 5. Bg3 Nc6 6. Nf3 Bg7 7. Nc3 Ngxe5 8.
Nxe5 Nxe5 9. e3 d6 10. Be2 Be6 11. Qb3 Qc8 12. h3 a6 13. f4 gxf4 14. exf4 Nc6
15. Bf2 Nd4 16. Bxd4 Bxd4 17. Rd1 Bb6 18. Ne4 Ba5+ 19. Kf1 O-O 20. Nf6+ Kh8 21.
Qg3 c6 22. Qh4 Bf5 23. Bg4 Bd8 24. Qh6 Rg8 25. Nxh7 Bxh7 26. Bxc8 Rxc8 27. Rxd6
Rc7 28. Rxd8 1-0

[Event "4NCL Division 4 South"]
[Site "Daventry, ENG"]
[Date "2019.05.04"]
[Round "9.43"]
[White "Luberto, Michael"]
[Black "Walton, John S"]
[Result "1-0"]
[WhiteElo "1930"]
[BlackElo "2012"]
[PlyCount "86"]
[EventDate "2019.05.04"]
[WhiteTeam "Watford 1"]
[BlackTeam "Fischer's Catch"]

1. e4 e5 2. Nf3 Nc6 3. Bb5 a6 4. Ba4 Nf6 5. O-O b5 6. Bb3 Bc5 7. Nxe5 Nxe5 8.
d4 Bxd4 9. Qxd4 d6 10. c3 O-O 11. f3 Be6 12. Bf4 Nfd7 13. Bc2 f6 14. Nd2 Qe7
15. Rfd1 Nb6 16. b3 c5 17. Qf2 d5 18. Qg3 Bf7 19. Nf1 d4 20. cxd4 cxd4 21. Rxd4
Rac8 22. Rd2 Nbd7 23. Rad1 Rc3 24. Be3 Rfc8 25. Bb1 Be6 26. h3 a5 27. f4 a4 28.
fxe5 axb3 29. axb3 Nxe5 30. Qe1 Bxb3 31. Rd8+ Kf7 32. Rxc8 Rxc8 33. Rc1 Rd8 34.
Qa5 Bc4 35. Ba2 Rd3 36. Bxc4+ bxc4 37. Qc5 Qb7 38. Rxc4 Rd7 39. Rd4 Kg6 40.
Rxd7 Qxd7 41. Bd4 Nc6 42. Bc3 Qe6 43. Ng3 Ne5 1-0

[Event "4NCL Division 4 South"]
[Site "Daventry, ENG"]
[Date "2019.05.04"]
[Round "9.44"]
[White "Wells, Tony D"]
[Black "Lancaster, Roger"]
[Result "1/2-1/2"]
[WhiteElo "2012"]
[BlackElo "1945"]
[PlyCount "83"]
[EventDate "2019.05.04"]
[WhiteTeam "Fischer's Catch"]
[BlackTeam "Watford 1"]

1. e4 e6 2. d4 d5 3. Nc3 Bb4 4. Bd3 c5 5. Be3 Nc6 6. Nf3 Nf6 7. e5 Ne4 8. O-O
Nxc3 9. bxc3 Bxc3 10. dxc5 Nxe5 11. Nxe5 Bxe5 12. Rb1 Qc7 13. f4 Bf6 14. c3 Bd7
15. Bd4 Bc6 16. Qc2 Bxd4+ 17. cxd4 g6 18. Qd2 O-O 19. Rf3 f5 20. g3 Rfe8 21.
Bf1 Rab8 22. Ra3 b6 23. cxb6 Rxb6 24. Rc1 Qb8 25. Qa5 Bb5 26. Qxa7 Rb7 27. Qc5
Bxf1 28. Kxf1 Kf7 29. Rac3 Ree7 30. a4 Rb1 31. a5 Rxc1+ 32. Rxc1 Qb2 33. Rc2
Qb1+ 34. Kg2 Rb7 35. a6 Rb2 36. Rxb2 Qxb2+ 37. Kh3 Qe2 38. Qc7+ Ke8 39. Qc8+
Ke7 40. Qc7+ Kf8 41. Qe5 Qxa6 42. Qh8+ 1/2-1/2

[Event "4NCL Division 4 South"]
[Site "Daventry, ENG"]
[Date "2019.05.04"]
[Round "9.45"]
[White "Pigott, Darrell N"]
[Black "Wilson, Julie"]
[Result "1/2-1/2"]
[WhiteElo "1855"]
[BlackElo "1735"]
[PlyCount "56"]
[EventDate "2019.05.04"]
[WhiteTeam "Watford 1"]
[BlackTeam "Fischer's Catch"]

1. e4 e6 2. d4 d5 3. Nc3 Nf6 4. Bg5 dxe4 5. Nxe4 Nbd7 6. Bd3 Be7 7. Nf3 Nxe4 8.
Bxe7 Qxe7 9. Bxe4 Nf6 10. Bd3 Qb4+ 11. Qd2 Qxb2 12. O-O Qa3 13. Rfb1 O-O 14.
Rb3 Qd6 15. Qg5 b6 16. Rd1 Bb7 17. Ne5 Ne4 18. Bxe4 Bxe4 19. Rg3 Bg6 20. Nxg6
fxg6 21. Re3 Rf5 22. Qg4 Raf8 23. Rd2 R8f6 24. Qe4 Qb4 25. c3 Qa3 26. Re1 a5
27. Qa8+ Qf8 28. Qe4 Qf7 1/2-1/2

[Event "4NCL Division 4 South"]
[Site "Daventry, ENG"]
[Date "2019.05.04"]
[Round "9.46"]
[White "Fraser, Susanna"]
[Black "Dunlop, Neil J"]
[Result "1/2-1/2"]
[WhiteElo "1649"]
[BlackElo "1832"]
[PlyCount "101"]
[EventDate "2019.05.04"]
[WhiteTeam "Fischer's Catch"]
[BlackTeam "Watford 1"]

1. d4 e6 2. c4 f5 3. Nf3 Nf6 4. g3 c6 5. Bg2 d5 6. O-O Bd6 7. Qc2 O-O 8. Nbd2
b6 9. Ne5 Bb7 10. Nd3 Nbd7 11. Nf3 Qe7 12. Bf4 Bxf4 13. Nxf4 Rfc8 14. Rac1 Ne4
15. Rfd1 Nd6 16. cxd5 cxd5 17. Qd3 g5 18. Nh5 Qf7 19. Ne5 Nxe5 20. dxe5 Ne8 21.
Nf6+ Nxf6 22. exf6 Qxf6 23. Qe3 Kf7 24. b3 d4 25. Qd3 Bxg2 26. Kxg2 e5 27. Qa6
Qe6 28. Qb7+ Qe7 29. Qf3 Qe6 30. g4 f4 31. h3 Qd7 32. Qe4 Kf6 33. f3 Rab8 34.
Qd3 Rb7 35. Rc4 b5 36. Rxc8 Qxc8 37. Rd2 Rc7 38. Qxb5 Rc5 39. Qd3 Qd7 40. Rc2
Rxc2 41. Qxc2 h6 42. Qc5 Qe7 43. Qc6+ Qe6 44. Qb7 Qe7 45. Qa6+ Kg7 46. a4 e4
47. Qc4 exf3+ 48. exf3 Qe3 49. Qc7+ Kf6 50. Qd6+ Kf7 51. Qd7+ 1/2-1/2

[Event "4NCL Division 4 South"]
[Site "Daventry, ENG"]
[Date "2019.05.04"]
[Round "9.51"]
[White "Truman, Richard G"]
[Black "Jukes, Sam"]
[Result "1-0"]
[WhiteElo "1945"]
[BlackElo "1892"]
[PlyCount "57"]
[EventDate "2019.05.04"]
[WhiteTeam "Ashfield 2"]
[BlackTeam "West is Best 3"]

1. d4 Nf6 2. c4 e6 3. Nc3 Bb4 4. e3 O-O 5. Bd3 d5 6. cxd5 exd5 7. Nge2 Nbd7 8.
O-O Bd6 9. f3 Re8 10. e4 dxe4 11. fxe4 Ng4 12. e5 Ndxe5 13. dxe5 Bc5+ 14. Kh1
Qh4 15. Bf4 Nf2+ 16. Rxf2 Bxf2 17. Ne4 Bb6 18. Bg3 Qh5 19. Qc2 Bg4 20. Nf4 Qxe5
21. Rf1 h6 22. Nc3 Rad8 23. Bh7+ Kh8 24. Ng6+ fxg6 25. Bxe5 Bf5 26. Rxf5 gxf5
27. Qxf5 Bd4 28. Bxd4 Rxd4 29. h3 1-0

[Event "4NCL Division 4 South"]
[Site "Daventry, ENG"]
[Date "2019.05.04"]
[Round "9.52"]
[White "Payan, Juan C"]
[Black "Flynn, David"]
[Result "0-1"]
[WhiteElo "1863"]
[BlackElo "1930"]
[PlyCount "118"]
[EventDate "2019.05.04"]
[WhiteTeam "West is Best 3"]
[BlackTeam "Ashfield 2"]

1. Nf3 Nf6 2. g3 g6 3. Bg2 Bg7 4. O-O c5 5. c4 Nc6 6. d3 O-O 7. Nc3 d6 8. Bd2
e5 9. Rb1 Nh5 10. a3 a5 11. Bg5 f6 12. Bd2 f5 13. Ng5 Nf6 14. Nd5 Kh8 15. h4 h6
16. Nxf6 Qxf6 17. Nh3 Bd7 18. f4 Qe7 19. Bc3 b6 20. Qd2 Rae8 21. Kh2 Nd4 22. e4
fxe4 $11 23. Bxd4 exd4 24. Bxe4 Bf5 25. Rbe1 Qd7 26. Nf2 Bxe4 27. Nxe4 d5 28.
cxd5 Qxd5 29. Rc1 Rc8 30. Rc2 Rc6 31. Rfc1 Rfc8 32. b4 axb4 33. axb4 c4 34. Nf2
c3 35. Qe2 Qb3 36. Qe7 R8c7 37. Qe8+ Kh7 38. Ng4 Qxb4 39. Ne5 Bxe5 40. Qxe5 Re7
41. Qd5 Qc5 42. Qb3 Rce6 43. Rg2 Re2 44. Rc2 Rxc2 45. Rxc2 Kg7 46. Ra2 Qc6 47.
Qc2 Re1 48. Qg2 Qxg2+ 49. Kxg2 Rd1 50. Kf3 Rxd3+ 51. Ke4 Rd2 52. Ra7+ Kf8 53.
Ke5 c2 54. Rc7 d3 55. Ke6 Re2+ 56. Kf6 Ke8 57. Kxg6 Re6+ 58. Kf5 Re7 59. Rc6 d2
0-1

[Event "4NCL Division 4 South"]
[Site "Daventry, ENG"]
[Date "2019.05.04"]
[Round "9.53"]
[White "Lane, Tim A"]
[Black "Smith, Steve"]
[Result "0-1"]
[WhiteElo "1915"]
[BlackElo "1763"]
[PlyCount "101"]
[EventDate "2019.05.04"]
[WhiteTeam "Ashfield 2"]
[BlackTeam "West is Best 3"]

1. c4 e5 2. g3 Nc6 3. Bg2 f5 4. Nc3 Nf6 5. e3 d5 6. Nxd5 Nxd5 7. cxd5 Nb4 8.
Qa4+ Bd7 9. Qb3 e4 10. Ne2 Nd3+ 11. Kf1 Bd6 12. Nf4 Nc5 13. Qd1 O-O 14. h4 Bb5+
15. Kg1 Bxf4 16. exf4 Qxd5 17. d4 Nd3 18. a4 Bc4 19. Be3 Nxb2 20. Qd2 Nd3 21.
a5 a6 22. Kh2 Rfd8 23. Rhb1 Rac8 24. Bf1 Bb5 25. Ra3 Qf7 26. Rxb5 axb5 27. Bxd3
exd3 28. Rxd3 Rd5 29. Qb4 Qf8 30. Qb3 Qd6 31. Rc3 c6 32. Rc2 h6 33. Ra2 Ra8 34.
Ra1 Kh7 35. Ra2 Ra6 36. Qb1 Qd8 37. Bd2 b6 38. axb6 Rxa2 39. Qxa2 Qxb6 40. Be3
b4 41. Qb3 Qa5 42. Qb1 Qa3 43. g4 g6 44. h5 b3 45. hxg6+ Kxg6 46. gxf5+ Rxf5
47. Qe4 Qd6 48. Bc1 Qd5 49. Qe8+ Kg7 50. Qe7+ Qf7 51. Qd6 0-1

[Event "4NCL Division 4 South"]
[Site "Daventry, ENG"]
[Date "2019.05.04"]
[Round "9.54"]
[White "Di-Vetta, Andrew"]
[Black "Graham, Neil"]
[Result "1-0"]
[WhiteElo "1730"]
[BlackElo "1825"]
[PlyCount "81"]
[EventDate "2019.05.04"]
[WhiteTeam "West is Best 3"]
[BlackTeam "Ashfield 2"]

1. c4 Nf6 2. g3 g6 3. Nc3 Bg7 4. Bg2 O-O 5. Nf3 d5 6. cxd5 Nxd5 7. O-O c6 8. d4
Nxc3 9. bxc3 Nd7 10. e4 Re8 11. Be3 Nb6 12. Qe2 Be6 13. Nd2 Qc8 14. Rfc1 Bh3
15. Bh1 Bg4 16. f3 Be6 17. c4 Qd8 18. Nb3 Nc8 19. Rab1 b6 20. d5 cxd5 21. cxd5
Bd7 22. Nd4 Bxd4 23. Bxd4 e5 24. Be3 Nd6 25. Bg2 Rc8 26. Bf1 Rxc1 27. Rxc1 Bb5
28. Qb2 Bxf1 29. Kxf1 Qd7 30. Qb4 b5 31. Rc6 Nc4 32. Bc1 Rb8 33. Qc5 Na5 34.
Rc7 Qd8 35. Bd2 Nc4 36. Bh6 Nd6 37. Qc6 Rc8 38. Qxd6 Qxc7 39. Qf6 Qc4+ 40. Kg2
Qe2+ 41. Kh3 1-0

[Event "4NCL Division 4 South"]
[Site "Daventry, ENG"]
[Date "2019.05.04"]
[Round "9.55"]
[White "Hill, Maurice J"]
[Black "Eckert, Jonathan"]
[Result "1/2-1/2"]
[WhiteElo "1810"]
[BlackElo "1681"]
[PlyCount "68"]
[EventDate "2019.05.04"]
[WhiteTeam "Ashfield 2"]
[BlackTeam "West is Best 3"]

1. g3 f5 2. c4 Nf6 3. Bg2 e6 4. Nc3 Be7 5. d3 Nc6 6. e4 fxe4 7. dxe4 O-O 8. Nh3
e5 9. Be3 Bb4 10. Rc1 d6 11. f3 Qe8 12. O-O Bxc3 13. Rxc3 b6 14. Nf2 Bd7 15.
Qd2 Kh8 16. Nd1 Rd8 17. Rd3 a5 18. a3 a4 19. Qc2 Na5 20. Rf2 Be6 21. Rc3 c5 22.
Bc1 Nb3 23. Ne3 Nd4 24. Qd1 b5 25. cxb5 Qxb5 26. Bf1 Qc6 27. Bc4 d5 28. exd5
Nxd5 29. Nxd5 Bxd5 30. Bxd5 Qxd5 31. Qf1 h6 32. f4 e4 33. Qc4 Nf3+ 34. Kg2 Ne1+
1/2-1/2

[Event "4NCL Division 4 South"]
[Site "Daventry, ENG"]
[Date "2019.05.04"]
[Round "9.56"]
[White "Davies, Merlin"]
[Black "Taylor, Robert P"]
[Result "1-0"]
[WhiteElo "1566"]
[BlackElo "1757"]
[PlyCount "57"]
[EventDate "2019.05.04"]
[WhiteTeam "West is Best 3"]
[BlackTeam "Ashfield 2"]

1. e4 e5 2. Nf3 d6 3. Nc3 Nf6 4. h3 Be7 5. Bc4 O-O 6. d4 Nbd7 7. Be3 c6 8. Qe2
b5 9. Bb3 b4 10. Na4 Nxe4 11. dxe5 Nxe5 12. O-O-O Qa5 13. Bf4 Nc5 14. Nxc5 Qxc5
15. Nxe5 dxe5 16. Qxe5 Qxf2 17. Rhf1 Qh4 18. Kb1 a5 19. Bg3 Bf6 20. Bxh4 Bxe5
21. Be7 Ba6 22. Rf5 Bf6 23. Bxf8 Rxf8 24. g4 c5 25. Rxc5 Be2 26. Re1 Bf3 27.
Rf5 Bg2 28. g5 Bxh3 29. Rf3 1-0

[Event "4NCL Division 4 South"]
[Site "Daventry, ENG"]
[Date "2019.05.04"]
[Round "9.61"]
[White "Paterson, Andrew I"]
[Black "Tucker, David S"]
[Result "0-1"]
[WhiteElo "2065"]
[BlackElo "1980"]
[PlyCount "88"]
[EventDate "2019.05.04"]
[WhiteTeam "Warwickshire Select 2"]
[BlackTeam "Check Innmates 2"]

1. Nf3 Nf6 2. g3 g6 3. Bg2 Bg7 4. O-O O-O 5. d4 d6 6. c3 Nbd7 7. Bf4 Qe8 8. d5
Nb6 9. Ne1 Bf5 10. Na3 Qd7 11. Qb3 Bh3 12. Rd1 Bxg2 13. Nxg2 c6 14. dxc6 bxc6
15. c4 Rab8 16. Qf3 Nh5 17. Bc1 Na4 18. b3 Nc5 19. e4 f5 20. exf5 Rxf5 21. Qe2
Re5 22. Ne3 Nf6 23. Nac2 Nce4 24. Bb2 Rh5 25. f3 Ng5 26. Nd4 e5 27. Ndc2 Re8
28. Ba3 e4 29. Rxd6 Nxf3+ 30. Qxf3 exf3 31. Rxd7 Nxd7 32. Rxf3 Rhe5 33. Bd6 Re4
34. c5 Bd4 35. Nxd4 Rxd4 36. Nc4 Rd1+ 37. Kf2 Rde1 38. Ne3 Ra1 39. a4 Ra2+ 40.
Kg1 Rb2 41. Nf1 Re6 42. h3 Kg7 43. g4 Rf6 44. Re3 Rb1 0-1

[Event "4NCL Division 4 South"]
[Site "Daventry, ENG"]
[Date "2019.05.04"]
[Round "9.62"]
[White "Rabbitt, Michael"]
[Black "Green, Anthony J"]
[Result "1-0"]
[WhiteElo "1985"]
[BlackElo "1980"]
[PlyCount "89"]
[EventDate "2019.05.04"]
[WhiteTeam "Check Innmates 2"]
[BlackTeam "Warwickshire Select 2"]

1. e4 d6 2. d4 Nf6 3. Nc3 Nbd7 4. Nf3 e5 5. Bc4 Be7 6. O-O c6 7. a4 O-O 8. Bb3
exd4 9. Nxd4 Nc5 10. Qf3 Nxb3 11. cxb3 a5 12. h3 Nd7 13. Nf5 Nc5 14. Nxe7+ Qxe7
15. Bf4 Re8 16. Rfe1 Nd7 17. Rad1 Ne5 18. Qe2 Be6 19. Qc2 f6 20. Re3 Rad8 21.
Ne2 d5 22. Nd4 dxe4 23. Rxe4 Bd5 24. Re3 Qf8 25. Nf5 Nf7 26. Rde1 Rxe3 27. Rxe3
g6 28. Qc3 Ng5 29. Nh6+ Qxh6 30. Qxf6 Qf8 31. Qxg5 Re8 32. Be5 Qf5 33. Qg3 Qb1+
34. Kh2 Qf5 35. f4 Re7 36. Qe1 b6 37. Qc3 Qf7 38. Rg3 Qf5 39. Qd4 Rb7 40. b4
axb4 41. Qxb4 c5 42. Qb5 Qd7 43. Qa6 Be6 44. Rd3 Qc8 45. Rd6 1-0

[Event "4NCL Division 4 South"]
[Site "Daventry, ENG"]
[Date "2019.05.04"]
[Round "9.63"]
[White "Cooper, David M"]
[Black "Tomboline, David"]
[Result "1/2-1/2"]
[WhiteElo "2031"]
[BlackElo "1942"]
[PlyCount "44"]
[EventDate "2019.05.04"]
[WhiteTeam "Warwickshire Select 2"]
[BlackTeam "Check Innmates 2"]

1. Nf3 d5 2. c4 e6 3. g3 f5 4. Bg2 Nf6 5. O-O Bd6 6. d4 O-O 7. b3 b6 8. Ba3 Bb7
9. Bxd6 cxd6 10. Nc3 Ne4 11. Rc1 Nd7 12. cxd5 Nxc3 13. Rxc3 Bxd5 14. Qd2 Rc8
15. Rfc1 Rxc3 16. Qxc3 Bxf3 17. Bxf3 Nf6 18. Qc6 Rf7 19. e3 Ne8 20. Qc8 Qxc8
21. Rxc8 Re7 22. Bc6 Kf7 1/2-1/2

[Event "4NCL Division 4 South"]
[Site "Daventry, ENG"]
[Date "2019.05.04"]
[Round "9.64"]
[White "Bourne, Johnathan D"]
[Black "Cundy, Mark A"]
[Result "1/2-1/2"]
[WhiteElo "1910"]
[BlackElo "1855"]
[PlyCount "39"]
[EventDate "2019.05.04"]
[WhiteTeam "Check Innmates 2"]
[BlackTeam "Warwickshire Select 2"]

1. e4 c5 2. Nc3 Nc6 3. Bb5 Nd4 4. Bc4 e6 5. Nge2 Nxe2 6. Qxe2 a6 7. d3 b5 8.
Bb3 Bb7 9. O-O Be7 10. a4 b4 11. Nd1 Nf6 12. Bg5 O-O 13. Ne3 d5 14. exd5 Nxd5
15. Bxd5 exd5 16. Bxe7 Qxe7 17. Qg4 Qf6 18. b3 Rae8 19. Rae1 Re5 20. f4 1/2-1/2

[Event "4NCL Division 4 South"]
[Site "Daventry, ENG"]
[Date "2019.05.04"]
[Round "9.65"]
[White "Shearsby, Jude"]
[Black "Headlong, Benjamin"]
[Result "1-0"]
[WhiteElo "1562"]
[BlackElo "1765"]
[PlyCount "107"]
[EventDate "2019.05.04"]
[WhiteTeam "Warwickshire Select 2"]
[BlackTeam "Check Innmates 2"]

1. d4 d5 2. Bf4 Nc6 3. e3 Nf6 4. Bd3 Nb4 5. Nf3 Nxd3+ 6. cxd3 Nh5 7. Bg3 Nxg3
8. hxg3 Bg4 9. Nc3 e6 10. Qa4+ c6 11. Ne5 Bf5 12. Nxc6 bxc6 13. Qxc6+ Ke7 14.
Qb7+ Kf6 15. e4 Rb8 16. e5+ Kg6 17. Qxa7 Bb4 18. Qa4 Bxd3 19. Qd1 Bxc3+ 20.
bxc3 Qg5 21. Qxd3+ Qf5 22. Qxf5+ Kxf5 23. Kd2 Rb2+ 24. Ke3 Rc8 25. Rhc1 f6 26.
exf6 gxf6 27. a4 Rb6 28. Kd3 Ra6 29. Rcb1 Rca8 30. Rb4 Ra5 31. Kc2 h5 32. Kb3
R8a6 33. f3 e5 34. dxe5 fxe5 35. Re1 Rg6 36. g4+ hxg4 37. fxg4+ Rxg4 38. Rxg4
Kxg4 39. Rxe5 Kf4 40. Re1 Ra8 41. Kb4 Rb8+ 42. Kc5 Rc8+ 43. Kxd5 Rxc3 44. Ra1
Rg3 45. a5 Rg5+ 46. Kc6 Rg6+ 47. Kb5 Rg5+ 48. Ka4 Kg3 49. Rb1 Rg4+ 50. Rb4 Rg8
51. Kb5 Rg5+ 52. Ka6 Rg6+ 53. Ka7 Rg7+ 54. Rb7 1-0

[Event "4NCL Division 4 South"]
[Site "Daventry, ENG"]
[Date "2019.05.04"]
[Round "9.66"]
[White "O'Byrne, Daniel"]
[Black "Monga, Kanav"]
[Result "1/2-1/2"]
[WhiteElo "1742"]
[BlackElo "1386"]
[PlyCount "48"]
[EventDate "2019.05.04"]
[WhiteTeam "Check Innmates 2"]
[BlackTeam "Warwickshire Select 2"]

1. e4 c5 2. Nf3 e6 3. d4 cxd4 4. Nxd4 Nc6 5. Be3 a6 6. Nc3 Qc7 7. a3 Nf6 8. Be2
Be7 9. Qd2 b5 10. f4 b4 11. axb4 Bxb4 12. Bf3 Bb7 13. O-O d6 14. Ra4 Bc5 15.
Kh1 Rd8 16. Nb3 Bb4 17. Qf2 Bxc3 18. bxc3 Ne7 19. Bb6 Qd7 20. Rd4 Rc8 21. e5
Nfd5 22. exd6 Nf5 23. Rxd5 Bxd5 24. Bxd5 Qxd6 1/2-1/2

[Event "4NCL Division 4 South"]
[Site "Daventry, ENG"]
[Date "2019.05.04"]
[Round "9.71"]
[White "Paul, Nathanael"]
[Black "Elwin, Adrian G"]
[Result "1-0"]
[WhiteElo "2057"]
[BlackElo "1983"]
[PlyCount "67"]
[EventDate "2019.05.04"]
[WhiteTeam "Shropshire 2"]
[BlackTeam "MK Phoenix 2"]

1. d4 Nf6 2. Bf4 g6 3. Nc3 Bg7 4. e4 d6 5. Qd2 Nc6 6. O-O-O O-O 7. Nf3 Bg4 8.
Qe3 Nh5 9. Bh6 e5 10. Bxg7 Kxg7 11. dxe5 Nxe5 12. h3 Bxf3 13. gxf3 Qh4 14. Ne2
Qf6 15. f4 Nc4 16. Qd4 Qxd4 17. Rxd4 Nb6 18. Bg2 Rad8 19. Bf3 Kh6 20. Bxh5 Kxh5
21. f5 Kg5 22. f4+ Kf6 23. Ng3 gxf5 24. Nxf5 d5 25. Rhd1 c5 26. R4d2 Rfe8 27.
Ng3 d4 28. b3 Nc8 29. c3 Rg8 30. e5+ Ke6 31. Ne4 b6 32. Ng5+ Kf5 33. Nxf7 Rd7
34. Nh6+ 1-0

[Event "4NCL Division 4 South"]
[Site "Daventry, ENG"]
[Date "2019.05.04"]
[Round "9.72"]
[White "Lambourne, Dan M"]
[Black "Zdanowski, Adrian"]
[Result "1-0"]
[WhiteElo "1976"]
[BlackElo "2012"]
[PlyCount "97"]
[EventDate "2019.05.04"]
[WhiteTeam "MK Phoenix 2"]
[BlackTeam "Shropshire 2"]

1. d4 Nf6 2. Nf3 g6 3. Bf4 Bg7 4. e3 c5 5. c3 Qb6 6. Qb3 d5 7. dxc5 Qxc5 8.
Bb5+ Nc6 9. O-O O-O 10. Ne5 Nxe5 11. Bxe5 Ng4 12. Bg3 a6 13. Be2 e5 14. Qd1 Nh6
15. Nd2 Nf5 16. Nb3 Qc6 17. Bg4 Nxg3 18. hxg3 f5 19. Bf3 Be6 20. Rc1 e4 21. Be2
Rfd8 22. Nd4 Bxd4 23. Qxd4 b5 24. Rfd1 Rac8 25. Ra1 Qc5 26. a4 Rd6 27. axb5
axb5 28. Ra7 Qxd4 29. Rxd4 Rb8 30. Rb4 Rdb6 31. f3 h5 32. Rc7 Bf7 33. Rc5 Kg7
34. Rcxb5 Rxb5 35. Rxb5 Rxb5 36. Bxb5 Kf6 37. Kf2 g5 38. f4 gxf4 39. gxf4 h4
40. g3 hxg3+ 41. Kxg3 Bh5 42. b4 Ke6 43. Kh4 Bg4 44. Kg5 Kd6 45. Kf6 Bh3 46.
Ba6 Kc6 47. Ke5 Kb6 48. Bc8 Kb5 49. Kxd5 1-0

[Event "4NCL Division 4 South"]
[Site "Daventry, ENG"]
[Date "2019.05.04"]
[Round "9.73"]
[White "Bull, Philip"]
[Black "Valentine, Brian J"]
[Result "1-0"]
[WhiteElo "1997"]
[BlackElo "1954"]
[PlyCount "75"]
[EventDate "2019.05.04"]
[WhiteTeam "Shropshire 2"]
[BlackTeam "MK Phoenix 2"]

1. d4 Nf6 2. e3 e6 3. Bd3 c5 4. c3 Nc6 5. f4 cxd4 6. exd4 Be7 7. Nf3 b6 8. O-O
Bb7 9. Qe2 O-O 10. Nbd2 Qc7 11. Ne4 Na5 12. Nxf6+ Bxf6 13. Ne5 g6 14. Be3 Nc6
15. Ng4 Bg7 16. Qf2 f5 17. Ne5 d6 18. Nf3 e5 19. dxe5 dxe5 20. Bc4+ Kh8 21. Ng5
Nd8 22. Bb3 Bf6 23. fxe5 Bxe5 24. Qh4 Bf6 25. Rad1 Qg7 26. Rd6 h5 27. Rfd1 Qe7
28. Bf4 Bc6 29. Qg3 Rc8 30. Ne6 Nxe6 31. Rxe6 Qg7 32. Rdd6 h4 33. Qe1 Be4 34.
Be3 g5 35. Rxf6 Rxf6 36. Rxf6 Rd8 37. Rf7 Qe5 38. Bxg5 1-0

[Event "4NCL Division 4 South"]
[Site "Daventry, ENG"]
[Date "2019.05.04"]
[Round "9.74"]
[White "Williamson, Kevin J"]
[Black "Raghaven, Rajeev P"]
[Result "0-1"]
[WhiteElo "1860"]
[BlackElo "1937"]
[PlyCount "68"]
[EventDate "2019.05.04"]
[WhiteTeam "MK Phoenix 2"]
[BlackTeam "Shropshire 2"]

1. d4 Nf6 2. Nc3 g6 3. e4 d6 4. Nf3 Bg7 5. Be2 O-O 6. O-O a6 7. a4 Nc6 8. d5
Nb8 9. h3 e5 10. Be3 h6 11. Qd2 Kh7 12. g4 Ng8 13. Kh2 f5 14. gxf5 gxf5 15.
exf5 Bxf5 16. Rg1 e4 17. Rxg7+ Kxg7 18. Rg1+ Kh7 19. Nd4 Nd7 20. Nxf5 Rxf5 21.
Nxe4 Qf8 22. Ng3 Rxf2+ 23. Bxf2 Qxf2+ 24. Rg2 Qf6 25. Bd3+ Kh8 26. Rf2 Qg7 27.
c3 Ne7 28. Bc2 Rg8 29. Rg2 Ne5 30. Be4 Qf6 31. Qf2 Qh4 32. Bf3 Nxd5 33. Kg1 Nf4
34. Rh2 Rxg3+ 0-1

[Event "4NCL Division 4 South"]
[Site "Daventry, ENG"]
[Date "2019.05.04"]
[Round "9.75"]
[White "Lewis, Christopher D"]
[Black "Obi, Marc On"]
[Result "1-0"]
[WhiteElo "1930"]
[BlackElo "1827"]
[PlyCount "81"]
[EventDate "2019.05.04"]
[WhiteTeam "Shropshire 2"]
[BlackTeam "MK Phoenix 2"]

1. e4 c5 2. Nf3 d6 3. d4 cxd4 4. Nxd4 Nf6 5. Nc3 a6 6. Be2 e6 7. O-O Be7 8. Be3
b5 9. f3 Bb7 10. Qe1 O-O 11. Nd1 Nbd7 12. Qg3 Rc8 13. c3 Re8 14. Nf2 Ne5 15.
Rae1 Qc7 16. Bc1 d5 17. f4 Nc4 18. e5 Ne4 19. Qh3 b4 20. Bd3 bxc3 21. bxc3 g6
22. Bxe4 dxe4 23. g4 e3 24. Bxe3 Nxe3 25. Rxe3 Bc5 26. g5 h5 27. gxh6 Kh7 28.
Qh4 Be7 29. Qg3 Kxh6 30. f5 exf5 31. Qh3+ Kg7 32. Nxf5+ Kg8 33. Nh6+ Kg7 34.
Nxf7 Bc5 35. Qh6+ Kxf7 36. Qh7+ Ke6 37. Qxg6+ Kd5 38. c4+ Kxc4 39. Qd3+ Kb4 40.
Rb1+ Ka5 41. Qa3+ 1-0

[Event "4NCL Division 4 South"]
[Site "Daventry, ENG"]
[Date "2019.05.04"]
[Round "9.76"]
[White "Whiteside, Robert"]
[Black "Jamieson, Ian"]
[Result "1-0"]
[WhiteElo "1807"]
[BlackElo "1967"]
[PlyCount "43"]
[EventDate "2019.05.04"]
[WhiteTeam "MK Phoenix 2"]
[BlackTeam "Shropshire 2"]

1. e4 e6 2. d4 d5 3. e5 c5 4. c3 Nc6 5. Nf3 f6 6. Bd3 Qc7 7. O-O c4 8. Bc2 fxe5
9. dxe5 Nxe5 10. Nxe5 Qxe5 11. Re1 Qd6 12. Qh5+ Kd8 13. Bg5+ Nf6 14. Nd2 Qc7
15. Qh4 Be7 16. Rad1 Bd7 17. Nxc4 b5 18. Ne5 Be8 19. Ng4 Rb8 20. Nxf6 gxf6 21.
Bxf6 Rf8 22. Rxd5+ 1-0

[Event "4NCL Division 4 South"]
[Site "Daventry, ENG"]
[Date "2019.05.04"]
[Round "9.81"]
[White "Ireland, David J"]
[Black "Rowan, Daniel"]
[Result "1-0"]
[WhiteElo "2027"]
[BlackElo "1799"]
[PlyCount "103"]
[EventDate "2019.05.04"]
[WhiteTeam "Throw in the Tal"]
[BlackTeam "Banbury Bulldogs"]

1. d4 d5 2. c4 e6 3. Nc3 c5 4. Nf3 Nc6 5. Bf4 a6 6. cxd5 exd5 7. e3 Nf6 8. Be2
Be7 9. dxc5 O-O 10. O-O Bxc5 11. Rc1 d4 12. Na4 Ba7 13. exd4 Nxd4 14. Nxd4 Bxd4
15. Bc7 Qd7 16. Bb6 Be5 17. Bc5 Re8 18. Bf3 Qxd1 19. Rfxd1 Bg4 20. Bxg4 Nxg4
21. h3 Nf6 22. Bb6 Rac8 23. b4 Nd5 24. Bc5 Rcd8 25. g3 g6 26. Rd3 b5 27. Rcd1
bxa4 28. Rxd5 Rxd5 29. Rxd5 Bc3 30. Rd3 Re1+ 31. Kg2 Bf6 32. Ra3 Be7 33. Bxe7
Rxe7 34. Rxa4 Re4 35. Kf3 Rc4 36. a3 Rc6 37. Ra5 Kg7 38. Re5 Kf6 39. Re3 Rc1
40. h4 h5 41. Kf4 Rc4+ 42. Re4 Rc2 43. f3 Rc3 44. a4 Ra3 45. a5 Rb3 46. g4 Rb1
47. g5+ Kg7 48. Ke5 Rb3 49. Rf4 Kf8 50. Kd5 Ke7 51. Kc5 Rd3 52. Rf6 1-0

[Event "4NCL Division 4 South"]
[Site "Daventry, ENG"]
[Date "2019.05.04"]
[Round "9.82"]
[White "Bowman, Kevin"]
[Black "Pink, Joshua"]
[Result "0-1"]
[WhiteElo "1817"]
[BlackElo "2020"]
[PlyCount "70"]
[EventDate "2019.05.04"]
[WhiteTeam "Banbury Bulldogs"]
[BlackTeam "Throw in the Tal"]

1. b4 c6 2. c4 e5 3. Bb2 f6 4. Qb3 d5 5. cxd5 cxd5 6. e3 Be6 7. b5 a5 8. bxa6
bxa6 9. Nc3 Nc6 10. Qa4 Nge7 11. Nf3 Bd7 12. Qd1 e4 13. Nh4 Be6 14. Be2 g5 15.
Bh5+ Kd7 16. Bg4 gxh4 17. Bxe6+ Kxe6 18. Qg4+ f5 19. Qxh4 Ng6 20. Qh5 Nce5 21.
O-O Qh4 22. Qd1 Bd6 23. f4 exf3 24. Rxf3 Nxf3+ 25. Qxf3 Bxh2+ 26. Kf1 Qc4+ 27.
Kf2 Ne5 28. Qh5 Nd3+ 29. Kf3 Qg4+ 30. Qxg4 fxg4+ 31. Kxg4 Nxb2 32. Rh1 Rhg8+
33. Kf3 Raf8+ 34. Ke2 Rxg2+ 35. Ke1 Bg3# 0-1